000 00301nam a22001337a 4500
008 170303b xxu||||| |||| 00| 0 eng d
020 _a0070549419
041 _aeng
080 _a616.073
100 _a6
101 _aSHM
245 _aPRINCIPLES OF SHOULDER IMAGING
_cSARTORIS, D.J
942 _2udc
_cBK
999 _c6693
_d6693